|
|
|
|
| LEADER |
00711cam a2200205 7i4500 |
| 001 |
0000022498 |
| 005 |
20131020090000.0 |
| 020 |
# |
0 |
|a 3527290966 (brosch. : acid-free paper)
|
| 020 |
# |
0 |
|a 3527290958 (Gb. : acid-free paper)
|
| 090 |
0 |
0 |
|a QD 553
|b H224
|
| 100 |
1 |
# |
|a Hamnett, Andrew
|
| 245 |
1 |
0 |
|a Electrochemistry
|c Andrew Hamnett, Carl H. Hamann and Wolf Vielstich.
|
| 260 |
# |
# |
|a New York:
|b John Wiley & Sons,
|c 1998.
|
| 300 |
# |
# |
|a xvii, 423 p.:
|b ill.;
|c 24 cm..
|
| 504 |
0 |
0 |
|a Includes bibliographical references and index
|
| 590 |
# |
# |
|a Rujukan Kursus Jabatan Sains Kimia
|
| 650 |
0 |
0 |
|a Electrochemistry
|
| 700 |
1 |
1 |
|a Hamnett, A.
|
| 700 |
1 |
1 |
|a Vielstich, Wolf
|
| 999 |
|
|
|a 1100008873
|b Book
|c Open Shelf
|e KOLEKSI TERBUKA
|